Countries With Most Medieval Executions For Witchcraft - Statistics

General Stats
  • This quiz has been taken 136 times
  • The average score is 11 of 15
Answer Stats
# Executions Answer % Correct
10 300+ France
95%
12 106 Spain
95%
4 2,000+ United Kingdom
95%
3 2,600+ Germany
94%
7 1,000+ Italy
93%
2 3,000-4,000 Poland
87%
11 280 Sweden
83%
9 277-350 Norway
82%
8 494 Denmark
81%
6 1330-1470 Netherlands
76%
5 1500 Austria
69%
15 30 United States
69%
1 10,000 Switzerland
66%
14 65 Estonia
31%
13 100 Liechtenstein
19%
No matching quizzes found
Score Distribution
Percent of People with Each Score
Percentile by Number Answered
Your Score History
You have not taken this quiz